Countries - Sudden Death - Only Click True Facts - Statistics

General Stats
  • This quiz has been taken 111 times
  • The average score is 3 of 9
Answers on the Grid
Answers color-coded by a green-red scale on the quiz's grid according to % correct below.
India Invented Chess
China Has 2 Stars In Its Flag
Shanghai Has The Most Billionares In Asia
The Language With Most Native Speakers Is Mandarin Chinese
The Phone Brand Apple Was Founded In The Year 1973
Mrbeast Started His Youtube Channel In 2012
India Has The Best Geography In Asia
In World War II Hiroshima Was Nuked Before Nagasaki
Soviet Union Collapsed In The Year 1991
World War I Started In 1913
Estonia Is A Part Of NATO
Adolf Hitler Died By A Gunshot Wound
There Is A City In Egypt Called Alexandria
Brazil's Millitary Rank Is 17
 
Answer Stats
Answer % Correct
The Language With Most Native Speakers Is Mandarin Chinese
59%
There Is A City In Egypt Called Alexandria
54%
In World War II Hiroshima Was Nuked Before Nagasaki
51%
India Invented Chess
43%
Adolf Hitler Died By A Gunshot Wound
41%
Soviet Union Collapsed In The Year 1991
39%
Estonia Is A Part Of NATO
35%
Mrbeast Started His Youtube Channel In 2012
13%
India Has The Best Geography In Asia
1%
No matching quizzes found
Score Distribution
Percent of People with Each Score
Percentile by Number Answered
Your Score History
You have not taken this quiz